000 00597nam a2200229Ia 4500
003 OSt
005 20221005121400.0
006 a|||||r|||| 00| 0
007 ta
008 221004b |||||||| |||| 00| 0 eng d
024 _a30200
037 _cTextual
040 _aCRL
_cCRL
_beng
041 _2eng
_aeng
082 _aMu236:M5, A
100 _aBaden Powell B. H.
245 0 _aHandbook of the manufactures and arts of the Punjab,etc.
260 _c1800
650 _aINDUSTRIAL ARTS
942 _hMu236:M5, A
_cTEXL
_2cc
999 _c1040981
_d1040981